5HLuxD.jpg

KING HENRY VIII SENIOR AND PRIMARY SCHOOL LIBRARY OPAC

Mr and Mrs Hay the horse / (Record no. 1618)

000 -LEADER
fixed length control field 00922 am a2200313ua 4500
001 - CONTROL NUMBER
control field 008781279
003 - CONTROL NUMBER IDENTIFIER
control field OSt
005 - DATE AND TIME OF LATEST TRANSACTION
control field 20230116110454.0
008 - FIXED-LENGTH DATA ELEMENTS--GENERAL INFORMATION
fixed length control field 810426s1981 enka j| 000 1|eng
015 ## - NATIONAL BIBLIOGRAPHY NUMBER
National bibliography number GB8112922
Source bnb
020 ## - INTERNATIONAL STANDARD BOOK NUMBER
International Standard Book Number 9780140312478 (pbk) :
039 0# - LEVEL OF BIBLIOGRAPHIC CONTROL AND CODING DETAIL [OBSOLETE]
Level of rules in bibliographic description 1633
040 ## - CATALOGING SOURCE
Original cataloging agency Uk
Transcribing agency Uk
Modifying agency KH8
082 04 - DEWEY DECIMAL CLASSIFICATION NUMBER
Classification number 428.6 AHL
Edition number 19
100 1# - MAIN ENTRY--PERSONAL NAME
Personal name Ahlberg, Allan.
Relator term author
245 10 - TITLE STATEMENT
Title Mr and Mrs Hay the horse /
Statement of responsibility, etc. by Allan Ahlberg ; with pictures by Colin McNaughton.
260 ## - PUBLICATION, DISTRIBUTION, ETC.
Place of publication, distribution, etc. Harmondsworth :
Name of publisher, distributor, etc. Puffin,
Date of publication, distribution, etc. 1981.
300 ## - PHYSICAL DESCRIPTION
Extent [24]p. :
Other physical details col.ill. ;
Dimensions 21cm.
336 ## - CONTENT TYPE
Content type term text
Source rdacontent
337 ## - MEDIA TYPE
Media type term unmediated
Source rdamedia
338 ## - CARRIER TYPE
Carrier type term volume
Source rdacarrier
490 1# - SERIES STATEMENT
Series statement Happy families
650 #0 - SUBJECT ADDED ENTRY--TOPICAL TERM
Topical term or geographic name entry element Readers
Chronological subdivision 1950-.
653 ## - INDEX TERM--UNCONTROLLED
Uncontrolled term English language
-- Texts
700 1# - ADDED ENTRY--PERSONAL NAME
Personal name McNaughton, Colin.
Relator term author
830 #0 - SERIES ADDED ENTRY--UNIFORM TITLE
Uniform title Happy families
942 ## - ADDED ENTRY ELEMENTS (KOHA)
Source of classification or shelving scheme
Koha item type Books - Non Ficton
Holdings
Withdrawn status Lost status Source of classification or shelving scheme Damaged status Not for loan Collection code Permanent Location Current Location Shelving location Date acquired Total Checkouts Full call number Barcode Date last seen Date last checked out Price effective from Koha item type
          Non-Fiction KH8 Primary School Library KH8 Primary School Library Non Fiction 2023-01-16 3 428.6 AHL KHPL000003377 2025-12-05 2025-09-23 2023-01-16 Books - Non Ficton
          Non-Fiction KH8 Primary School Library KH8 Primary School Library Non Fiction 2023-01-16 2 428.6 AHL KHPL000003506 2025-12-05 2023-03-06 2023-01-16 Books - Non Ficton

Powered By KH8 IT Dept